000 01095nam a2200349 a 4500
001 000114292
003 CHAP
005 20220329144435.0
008 171208s1987 mx |r| ||||||spa d
010 _a110753
011 _a111725
020 _a9682916143
040 _cCHAP
082 0 4 _a201
_bC34
100 0 0 _aCaso, Antonio.
_919847
245 1 3 _aLa existencia como economía, como desinterés y como caridad /
_cpor Antonio Caso.
260 _aMéxico :
_bUNAM :
_bIPN,
_c1987.
300 _a152 p.
490 _aColeccion educadores mexicanos
490 _aTextos de humanidades
590 _aBATCH-UPD
_b05
_c20171208
_lUCH01
_h0929
590 _aE11695DGD
_b10
_c20171214
_lUCH01
_h1158
590 _aE11695DGD
_b10
_c20180111
_lUCH01
_h1201
590 _aE5765TAJ
_b05
_c20171208
_lUCH01
_h0928
650 1 4 _aCristianismo
_xAspectos económicos.
_9134231
650 1 4 _aCristianismo
_xFilososfía
_vEnsayos y conferencias.
_9134230
830 0 _aColeccion educadores mexicanos
_9134236
830 0 _aTextos de humanidades
_9134233
901 _aBK
942 _cLIBRO
942 _n0
999 _c110753
_d110753